Southville International School and Colleges
Your cart is empty.
  • Cart
  • Lists
    Public lists Eva Luna New books Lux_list list_1
    Your lists Log in to create your own lists
  • Log in to your account
  • Your cookies
  • Search history
Southville International School and Colleges
  • Advanced search
  • Recent comments
  • Most popular
  • Libraries

Log in to your account

Log in with GOOGLE


If you do not have an external account, but do have a local account, you can still log in:

  1. Home
  2. MARC view: 100 Questions Filipino Kids Ask.
Normal view MARC view ISBD view

100 Questions Filipino Kids Ask. (Record no. 105980)

[ view plain ]
MARC details
000 -LEADER
fixed length control field 00380nam a2200145 a 4500
005 - DATE AND TIME OF LATEST TRANSACTION
control field 20140412111420.0
008 - FIXED-LENGTH DATA ELEMENTS--GENERAL INFORMATION
fixed length control field 070906s19uu xx 00 eng d
020 ## - INTERNATIONAL STANDARD BOOK NUMBER
International Standard Book Number 971-508-276-9
050 ## - LIBRARY OF CONGRESS CALL NUMBER
Classification number Fil 398
Item number On2o 2005
245 ## - TITLE STATEMENT
Title 100 Questions Filipino Kids Ask.
260 ## - PUBLICATION, DISTRIBUTION, ETC. (IMPRINT)
Place of publication, distribution, etc Philippines :
Name of publisher, distributor, etc Adarna house,
Date of publication, distribution, etc 2005.
300 ## - PHYSICAL DESCRIPTION
Extent 179
500 ## - GENERAL NOTE
General note Includes index.
Holdings
Withdrawn status Lost status Damaged status Home library Current library Shelving location Date acquired Source of acquisition Total Checkouts Full call number Barcode Date last seen Price effective from Koha item type
      Elizalde Library Elizalde Library Filipiniana Section 09/06/2007     Fil 398 On2o 2005 E11049 04/12/2014 04/12/2014 Books

100 Questions Filipino Kids Ask.

APA

(2005). 100 Questions Filipino Kids Ask. Philippines: Adarna house.

Chicago

2005. 100 Questions Filipino Kids Ask. Philippines: Adarna house.

Harvard

(2005). 100 Questions Filipino Kids Ask. Philippines: Adarna house.

MLA

100 Questions Filipino Kids Ask. Philippines: Adarna house. 2005.

  • Place hold
  • Print
  • Cite
  • Add to your cart (remove)
  • Save record
    BIBTEX Dublin Core MARCXML MARC (non-Unicode/MARC-8) MARC (Unicode/UTF-8) MARC (Unicode/UTF-8, Standard) MODS (XML) RIS
  • More searches
    Search for this title in:
    Other Libraries (WorldCat) Other Databases (Google Scholar) Online Stores (Bookfinder.com) Open Library (openlibrary.org)

Exporting to Dublin Core...

SOUTHVILLE LIBRARY

Southville International School and Colleges Library

1281 Tropical Ave. Cor. Luxembourg St., BF Homes International, Las Pinas City

Tel. No. 8256374 / 252358 Loc. 117/146

Powered by Koha